000 01119nam a2200289 a 4500
001 000042033
005 20250701132842.0
008 131111s1969 mx 000 0 spa d
040 _aDO-SdBNP
_bspa
_cBNPHU
082 _a338
_bS678i, 1969
245 0 0 _aLa sociedad industrial contemporánea /
_cErich Fromm ... [et al.] ; traducción de Margarita Suzan Prieto y Julieta Campos..
250 _a3a ed.
260 _aMéxico :
_bSiglo Veintiuno,
_c1969.
300 _a217 p. ;
_c18 cm.
490 1 _aEl mundo del hombre. Sociología y política
500 _aIncluye referencias bibliográficas y notas al pie de las páginas.
650 0 _aIndustrialización
_950386
650 0 _aDesarrollo económico
_985548
650 0 _aSindicalismo
_97274
650 4 _aIndustrias
_xAspectos sociales
_969003
700 1 2 _aFromm, Erich
_951429
700 1 2 _aPrieto, Margarita Susan
_etrad.
_969004
700 1 2 _aCampos, Julieta
_etrad.
_933624
830 0 _aEl mundo del hombre. Sociología y política
_952648
830 0 _aEl mundo del hombre
_psociología y política
_952648
910 _aValidado. Control de validad MFF
999 _c41522
_d41522